50 States, 50 Days, 1 Quiz (Ryan Trahan series) - Statistics

General Stats
  • This quiz has been taken 141 times
  • The average score is 22 of 50
Answer Stats
State # Question Answer % Correct
#22 - Virginia What shape was this state's Airbnb? A-Frame
98%
#1 - Texas What shape was the Airbnb in Texas? A Nut
83%
#7 - Nebraska What did Ryan forget at Target that caused them to backtrack in this episode? (making this the longest road trip of the series) His Phone
77%
#6 - Colorado In this episode, Ryan says one of his goals in life is to get good at ____. (Hint: His dad will help him a lot with this) Grilling
75%
#5 - Utah Which famous Sci-Fi series inspired Outpost-X, the Utah Airbnb? Star Wars
75%
#25 - New Jersey What friend and fellow YouTuber spun the Split in the NJ Airbnb? Doctor Mike
69%
#4 - Nevada Where did Ryan & Haley eat dinner in Nevada? (Hint: You may see Mitchell there) Rainforest Cafe
67%
#2 - New Mexico Which host made an impact in the series with "KABOOM" and "It is what it is!" Raul
66%
#3 - Arizona Which famous architect designed the house that Ryan & Haley stayed in in Arizona? Frank Lloyd Wright
64%
#10 - Oklahoma Treetopia, this state's Airbnb, went on to win this award Coolest home in America
62%
#34 - Ohio What did Ryan and Haley learn people in Ohio say when you say "O.H." in public? I.O.
58%
#38 - Wisconsin This state's Airbnb was based on a war plane from which conflict? WWII
58%
#49 - California What does the 9 million cake made by Preston say? (hint: see state #2) KABOOM!
55%
#26 - New York Name one of the couple that got Ryan to his Airbnb after the split. Mike & Briana
55%
#17 - North Carolina Due to a Wheel of Doom penalty, what couldn't Ryan and Haley do at this Airbnb, the Yacht? Sleep in it
55%
#27 - Connecticut Airbnb surprised Ryan and Haley with what at this state's Airbnb? A Private Chef
53%
#18 - Georgia Ryan and Haley had to use a jeep to get to this Airbnb. What did they have to drive through? A Creek
52%
#47 - Oregon Which Wheel of Doom penalty made the stay in Portland cruel because of the many great coffeehouses? Decaf
52%
#29 - Massachusetts Which friend and fellow YouTuber treated Ryan & Haley with a Lobster Boil at the Lighthouse? Nick DiGiovanni
52%
#36 - Indiana Due to a Wheel of Doom penalty, what did Ryan and Haley wear this entire episode? Pajamas
52%
#33 - Pennsylvania The Wheel of Doom penalty "1 star" caused Ryan and Haley to work which attraction into their road trip? Times Square
52%
#31 - New Hampshire The Airbnb was called the Little Red _____ Caboose
51%
#44 - Montana What national park was this Airbnb right outside of? Yellowstone
49%
#20 - Kentucky After which farm animal was this Airbnb called? Goats
48%
#14 - Alabama What segment did Ryan say was the best part of this state? (He did this in all 50 states) His Run
47%
#11 - Arkansas This state marked the second time in the series Ryan and Haley stayed in what kind of Airbnb? Underground Silo
45%
#30 - Maine What was the treehouse Airbnb shaped like in Maine? A Fox
44%
#23 - Maryland What soup did Ryan and Haley order for dinner after having it been recommended by many Marylanders? Cream of Crab Soup
43%
#32 - Vermont What flavor latte was on Ryan & Haley's New England bucket list as something they'd get in Vermont? (But they really got one in New Hampshire) Maple Syrup
42%
#39 - Minnesota On which Great Lake was this state's Airbnb situated? Superior
40%
#24 - Delaware What kind of show did Ryan and Haley go to in the community attached to this Airbnb? Magic
39%
#50 - Hawaii What sea creatures were Ryan and Haley trying to spot at night with the drone? Manta Rays
37%
#37 - Illinois What did this state's Airbnb used to be? A Factory
35%
#8 - Kansas What movie did Ryan & Haley watch in their Airbnb? The Wizard of Oz
33%
#9 - Missouri What famous Missouri dinner did Ryan & Haley eat in this Airbnb? Toasted Ravioli
33%
#16 - South Carolina Which city did Ryan & Haley explore and was nearby their Airbnb? Charleston
32%
#15 - Florida The employees of which fast food chain let Ryan use their phone when Ryan was in "Airplane mode" thanks to the Wheel of Doom? Culvers
32%
#41 - North Dakota Name one of the cats at this Airbnb. Flubby & Gypsy
32%
#28 - Rhode Island This state's Airbnb was featured on HGTV for being what? Haunted
31%
#40 - Iowa What was this state's Airbnb shape? A Pyramid
29%
#46 - Washington What was this state's Airbnb shaped like? A UFO
27%
#42 - South Dakota What fantasy series was the inspiration behind this state's Airbnb? Lord of the Rings
23%
#19 - Tennessee Which tourist town did Ryan and Haley spend time in and eat lunch in? Pigeon Forge
23%
#21 - West Virginia What was this state's Airbnb's emphasis on? Sports
21%
#43 - Wyoming What winter object was this Airbnb modeled after? _____ Cabin Snowflake
18%
#12 - Louisiana What Wheel of Doom penalty caused Ryan to ask strangers for directions to this state's Airbnb? Route Roulette
17%
#45 - Idaho What was the name of the mascot of this Airbnb? Spuddy Buddy
14%
#13 - Mississippi The name of the restaurant they got the burgers for the beach from was called the "Thorny ________" (Hint: It's a sea mollusk) Oyster
11%
#35 - Michigan Which midwestern chain did Ryan & Haley do their dinner/joyride run? Meijer
8%
#48 - Alaska What was the Uber driver's name who potentially saved the series by being available in Fairbanks at 3:30 AM? Lance
5%
No matching quizzes found
Score Distribution
Percent of People with Each Score
Percentile by Number Answered
Your Score History
You have not taken this quiz